00493 a2200169 450000100060000002000150000604000220002110000270004324000420007024500370011230000080014936200090015765000230016694200070018995201100019699900170030659534 a8508097166 cAnchieta - Pituba aViana, Vivina de Assis10aJá não somos mais criançaslpor10aJá não somos mais crianças a1170 a2005 4aLiteratura juvenil cBK 00104070a91.1b91.1d2023-11-21l0oLJ 028.5 J11j JANp10790/PITr2023-11-21 18:27:32w2023-11-21yBK c59534d59534